000 00421nam a2200169Ia 4500
008 230917s9999||||xx |||||||||||||| ||und||
020 _cRS0.6
040 _e32501
_aMAIN
041 _aEnglish
082 _a327 G341A
100 _aGhai, U R
245 0 _aAntar-rastitriya rajniti: Siddhant aur vyavahar
250 _a2nd ed.
260 _aJalandhar
_bNew Academic Publishing
_c1989
300 _a634 p.
942 _cBK
999 _c62784
_d62784